| 000 | 00727nam a22001577a 4500 | ||
|---|---|---|---|
| 003 | OSt | ||
| 005 | 20230313172250.0 | ||
| 008 | 151112b xxu||||| |||| 00| 0 eng d | ||
| 040 | _cRUA | ||
| 082 |
_aFOR _2LAY 2008 B135 Or.1 |
||
| 100 |
_93613 _aLAY, BUNTHA. |
||
| 245 | _aProcess of the organize Eco-tourism with community participation located in chi path commune thmar bang district kohkong province, ដំណើរការរៀបចំទេសចរណ៍ដោយមានការចូលរួមពីសហគមន៍នៅឃុំជីផាត ស្រុកថ្មបាំង ខេត្តកោះកុង | ||
| 260 |
_aPhnom Penh _bRUA _c2008 |
||
| 300 |
_axii; 44p. _bill. _c29cm. |
||
| 942 |
_2ddc _cFIS |
||
| 999 |
_c3363 _d3363 |
||